Red river & the blue hill (Record no. 2266)

MARC details
000 -LEADER
fixed length control field 00458cam a2200193ua 4500
001 - CONTROL NUMBER
control field 2411
005 - DATE AND TIME OF LATEST TRANSACTION
control field 20260515113507.0
008 - FIXED-LENGTH DATA ELEMENTS--GENERAL INFORMATION
fixed length control field 110816n ii |||gr||||Z||||||asm
040 ## - CATALOGING SOURCE
Transcribing agency MAIN
082 ## - DEWEY DECIMAL CLASSIFICATION NUMBER
Classification number 398.054162
100 1# - MAIN ENTRY--PERSONAL NAME
Personal name Baruah, Hem,
245 1# - TITLE STATEMENT
Title Red river & the blue hill
Statement of responsibility, etc. by Hem Baruah
250 ## - EDITION STATEMENT
Edition statement 4th.
260 ## - PUBLICATION, DISTRIBUTION, ETC.
Place of publication, distribution, etc. Guahati:
Name of publisher, distributor, etc. LBS Publication,984.
300 ## - PHYSICAL DESCRIPTION
Extent 205p:
Dimensions 23cm.
653 ## - INDEX TERM--UNCONTROLLED
Uncontrolled term Folklore
653 ## - INDEX TERM--UNCONTROLLED
Uncontrolled term Assamese culture
942 ## - ADDED ENTRY ELEMENTS (KOHA)
Koha item type Books
Holdings
Withdrawn status Lost status Damaged status Not for loan Home library Current library Shelving location Date acquired Total checkouts Full call number Barcode Date last seen Copy number Price effective from Koha item type
        Naharkatiya College Library Naharkatiya College Library General stacks 09/19/2020   398.054162 | BAR 16364 09/19/2020 2 09/19/2020 Books
        Naharkatiya College Library Naharkatiya College Library General stacks 09/19/2020   398.054162 | BAR 8854 09/19/2020 5 09/19/2020 Books
        Naharkatiya College Library Naharkatiya College Library General stacks 09/19/2020   398.054162 | BAR 8855 09/19/2020 4 09/19/2020 Books
        Naharkatiya College Library Naharkatiya College Library General stacks 09/19/2020   398.054162 | BAR 8856 09/19/2020 3 09/19/2020 Books
        Naharkatiya College Library Naharkatiya College Library General stacks 09/19/2020   398.054162 | BAR 8857 09/19/2020 1 09/19/2020 Books